Modernizácia systému sociálnej ochrany z pohľadu rodinnej politiky

Diskusie o budúcnosti sociálnej ochrany v EÚ na prahu 21. storočia. Kľúčové ciele kooperácie členských štátov EÚ v oblasti modernizácie sociálnej ochrany. Modernizácia sociálnej ochrany vo Veľkej Británii, v Írsku a v Luxembursku. Koncepcia sociálnej ochrany na Slovensku.

Salvato in:
Dettagli Bibliografici
Autore principale: Rybárová, Silvia
Natura: Capitolo di libro
Lingua:slovacco
Soggetti:
Tags: Aggiungi Tag
Nessun Tag, puoi essere il primo ad aggiungerne!!

MARC

LEADER 00000naa a2200000 4500
001 r043077
005 20230807085210.6
041 0 |a slo 
044 |a SK 
245 1 0 |a Modernizácia systému sociálnej ochrany z pohľadu rodinnej politiky  |c Silvia Rybárová 
520 |a Diskusie o budúcnosti sociálnej ochrany v EÚ na prahu 21. storočia. Kľúčové ciele kooperácie členských štátov EÚ v oblasti modernizácie sociálnej ochrany. Modernizácia sociálnej ochrany vo Veľkej Británii, v Írsku a v Luxembursku. Koncepcia sociálnej ochrany na Slovensku. 
610 2 0 |a ochrana sociálna 
610 2 0 |a koncepcie 
610 2 0 |a Európska únia 
610 2 0 |a Slovensko 
610 2 0 |a Írsko 
610 2 0 |a Veľká Británia 
610 2 0 |a Luxembursko 
610 2 0 |a politika rodinná 
610 2 0 |a štát sociálny 
100 1 |a Rybárová, Silvia